[Event "GER-chT U10"]
[Site "Magdeburg"]
[Date "2012.12.29"]
[Round "7.3"]
[White "Lehns, Adrian"]
[Black "Kremer, Simon"]
[Result "1-0"]
[WhiteElo "681"]
[BlackElo "760"]
[PlyCount "89"]
[EventDate "2012.12.27"]
[EventType "team-swiss"]
[EventRounds "7"]
[EventCountry "GER"]
[SourceTitle "EXT 2014"]
[Source "ChessBase"]
[SourceDate "2013.11.20"]
[SourceVersion "1"]
[SourceVersionDate "2013.11.20"]
[SourceQuality "1"]
[WhiteTeam "Oberland"]
[BlackTeam "Iserlohn Koenigsspringer"]
[WhiteTeamCountry "GER"]
[BlackTeamCountry "GER"]

1. e4 e5 2. Nf3 Nc6 3. Bc4 Bc5 4. Ng5 Qxg5 5. d3 Qd8 6. c3 d6 7. 0-0 Be6 8. d4 Bxc4 9. Re1 Bb6 10. Bd2 Nf6 11. b3 Be6 12. d5 Nxe4 13. Rxe4 Bxd5 14. Rg4 0-0 15. Bg5 f6 16. Bh6 Rf7 17. Qxd5 Qf8 18. Bxg7 Qe7 19. Bxf6+ Kf8 20. Bxe7+ Rxe7 21. Qf3+ Rf7 22. Qh3 Bxf2+ 23. Kh1 Bh4 24. Nd2 Bf2 25. Qh6+ Ke7 26. Qg5+ Kd7 27. Qh5 Raf8 28. Rf1 Ne7 29. Ne4 Be3 30. Rxf7 Rxf7 31. Qxf7 h6 32. Rg7 d5 33. Qxe7+ Kc6 34. Qc5+ Bxc5 35. Nxc5 Kxc5 36. Rxc7+ Kb6 37. Rh7 Kc5 38. Rxh6 d4 39. cxd4+ exd4 40. Rh3 Kd5 41. g4 Ke5 42. g5 Kf5 43. Rg3 Kg6 44. h4 Kh5 45. g6 1-0

[Event "GER-chT U10"]
[Site "Magdeburg"]
[Date "2012.12.28"]
[Round "3.3"]
[White "Wadepfuhl, Jeremy"]
[Black "Kremer, Simon"]
[Result "1/2-1/2"]
[WhiteElo "803"]
[BlackElo "760"]
[PlyCount "34"]
[EventDate "2012.12.27"]
[EventType "team-swiss"]
[EventRounds "7"]
[EventCountry "GER"]
[SourceTitle "EXT 2014"]
[Source "ChessBase"]
[SourceDate "2013.11.20"]
[SourceVersion "1"]
[SourceVersionDate "2013.11.20"]
[SourceQuality "1"]
[WhiteTeam "Friedrichsfelde Borussia"]
[BlackTeam "Iserlohn Koenigsspringer"]
[WhiteTeamCountry "GER"]
[BlackTeamCountry "GER"]

1. e4 e5 2. Nf3 Nc6 3. Nc3 Bc5 4. Bb5 a6 5. Bxc6 bxc6 6. 0-0 Nf6 7. d4 exd4 8. Nxd4 d6 9. Be3 0-0 10. Nxc6 Qd7 11. Bxc5 Qxc6 12. Bd4 Nxe4 13. Nxe4 Qxe4 14. Qf3 Qg4 15. h3 Qg5 16. Be3 Qf6 17. Bg5 Qe6 1/2-1/2